Marketingová komunikácia vybranej ifrmy bakalárska práca

Salvato in:
Dettagli Bibliografici
Autore principale: Navrátilová, Veronika
Ente Autore: Obchodná fakulta EU. Katedra marketingu
Altri autori: Tkáčiková, Jarmila
Natura: Libro
Lingua:slovacco
Pubblicazione: Bratislava 2013
Tags: Aggiungi Tag
Nessun Tag, puoi essere il primo ad aggiungerne!!

MARC

LEADER 00000nbm a2200000 4500
001 0171388
005 20161109112033.5
041 0 |a slo 
044 |a SK 
245 1 0 |a Marketingová komunikácia vybranej ifrmy  |b bakalárska práca  |c Veronika Navrátilová ; školiteľ: Jarmila Tkáčiková 
264 1 |a Bratislava  |c 2013 
300 |a 62 s. 
100 1 |a Navrátilová, Veronika 
700 1 |a Tkáčiková, Jarmila 
710 2 |a Obchodná fakulta EU. Katedra marketingu